| 000 | 00571nam a2200181Ia 4500 | ||
|---|---|---|---|
| 008 | 090123s9999 xx 000 0 und d | ||
| 082 | _b6871 | ||
| 100 | _aभानुशाली व्हि. पी. | ||
| 245 | _aसोनेरी परी | ||
| 250 | _a1 | ||
| 260 | _bसेंट्रल प्रकाशन | ||
| 300 | _a24 | ||
| 600 | _aभानुशाली व्हि. पी. | ||
| 630 | _aसोनेरी परी | ||
| 700 | _aभानुशाली व्हि. पी. | ||
| 730 | _aसोनेरी परी | ||
| 942 | _cBOOK | ||
| 999 |
_c44936 _d44936 |
||